00302nam a2200109Ia 4500008004100000020001500041082001600056100002500072245004500097260004000142300001000182161229s9999 xx 000 0 und d a8185614474 a658.4KHA/FO aKhandwalla, Pradip N aFourth eye:excellence through creativity bWheeler PublishingaNew Delhic1988 ax,420